00662 2200205 4500001002100000005001500021035002000036008004100056245010100097100002700198260004700225300002700272084002100299082001100320650005300331020002200384700001800406700001200424990002000436INLIS00000000000794820260430025741 a0010-0426000136260430 0 ind 1 aKiprah Anak Negeri "Prestasi Pelopor" /cTommy Sutaryo Widjaya, Michael J. O'Connor, dan Sunarno aWidjaya, Tommy Sutaryo aJakarta :bDPN Forum Pemuda Pelopor,c2014 a343 hlm. ;c25 x 17 cm a920058 WID K C.1 a920058 4aKoleksi Umum Biografi Tokoh-tokoh dari Indonesia a978-602-19598-6-2 aAnto Sumiarto aSunarno a260311200011288